[Event "4eme open Provence A"]
[Site "Salon"]
[Date "2013.07.06"]
[Round "1"]
[White "Danielan, Kevin"]
[Black "Petrossian, Armen"]
[Result "0-1"]
[WhiteElo "1774"]
[BlackElo "2411"]
[PlyCount "84"]

1. d4 d5 2. c4 dxc4 3. Nf3 Nf6 4. e3 Bg4 5. Bxc4 e6 6. O-O a6 7. Nbd2 Nc6 8. a3
Bd6 9. Qc2 O-O 10. Be2 e5 11. Nb3 e4 12. Ne1 Re8 13. f3 Bf5 14. f4 h5 15. Bd2
Qd7 16. Nc5 Bxc5 17. Qxc5 Ne7 18. Nc2 b6 19. Qb4 Nfd5 20. Qb3 Be6 21. Bc4 b5
22. Bxd5 Nxd5 23. f5 Bxf5 24. Nb4 Be6 25. Qc2 Nxb4 26. Bxb4 a5 27. Bc5 Bc4 28.
Rfc1 a4 29. Qf2 Ra6 30. Qh4 Qd5 31. Qf4 Rg6 32. Rc2 c6 33. Rf2 Rf6 34. Qg3 Rxf2
35. Qxf2 Re6 36. Rd1 Qd8 37. Qg3 h4 38. Qe1 Rf6 39. Qb4 Qd7 40. h3 Rg6 41. Kh1
Be2 42. Re1 Bf3 0-1

[Event "4eme open Provence A"]
[Site "Salon"]
[Date "2013.07.06"]
[Round "1"]
[White "Saez, Frederic"]
[Black "Colandrea, Sauveur"]
[Result "1-0"]
[WhiteElo "2290"]
[BlackElo "1762"]
[PlyCount "39"]

1. e4 e5 2. Nf3 Nc6 3. d4 exd4 4. Nxd4 Nf6 5. Nc3 Bb4 6. Nxc6 bxc6 7. Bd3 d6 8.
O-O a5 9. Bg5 h6 10. Bh4 g5 11. Bg3 Bg4 12. f3 Bc5+ 13. Kh1 Bh5 14. Na4 Nd7 15.
e5 O-O 16. Bf5 Nxe5 17. Bxe5 Qe7 18. Bc3 Qe3 19. Nxc5 Qxc5 20. Qd3 1-0

[Event "4eme open Provence A"]
[Site "Salon"]
[Date "2013.07.06"]
[Round "1"]
[White "Massardo, Quentin"]
[Black "Chauvet, Vincent"]
[Result "0-1"]
[WhiteElo "1759"]
[BlackElo "2134"]
[PlyCount "40"]

1. d4 d5 2. c4 c6 3. Nf3 Nf6 4. g3 dxc4 5. a4 g6 6. Bg2 Bg7 7. Ne5 Be6 8. e4
Nbd7 9. Bf4 Nh5 10. Nxd7 Nxf4 11. gxf4 Qxd7 12. f5 gxf5 13. d5 Rd8 14. Rg1 fxe4
15. Bxe4 Bxb2 16. Ra2 Bf6 17. Rd2 cxd5 18. Bxh7 Qd6 19. Be4 Qe5 20. f3 Rd6 0-1

[Event "4eme open Provence A"]
[Site "Salon"]
[Date "2013.07.06"]
[Round "1"]
[White "Brongers, Henk"]
[Black "Le Floch, Xavier"]
[Result "1-0"]
[WhiteElo "2082"]
[BlackElo "1738"]
[PlyCount "105"]

1. e4 d5 2. exd5 Nf6 3. Bb5+ Nbd7 4. c4 a6 5. Ba4 b5 6. Bb3 bxc4 7. Bxc4 Nb6 8.
Bb3 Nfxd5 9. Nc3 e6 10. Nxd5 Nxd5 11. Ne2 Bd6 12. Ba4+ Bd7 13. Bxd7+ Qxd7 14.
Nc3 Qc6 15. Qf3 Nb4 16. Qxc6+ Nxc6 17. d3 Nd4 18. Kd1 O-O 19. Be3 Nc6 20. Rc1
Ne7 21. Re1 Rfd8 22. g3 Bb4 23. Kc2 Rd7 24. Red1 Rad8 25. a3 Ba5 26. Na4 Nf5
27. Nc5 Nd4+ 28. Bxd4 Rxd4 29. Nxa6 Kf8 30. Nc5 Bb6 31. Nb3 R4d5 32. Rd2 Rf5
33. d4 e5 34. Rcd1 exd4 35. Nxd4 Bxd4 36. Rxd4 Rxd4 37. Rxd4 Rxf2+ 38. Rd2 Rf6
39. a4 Ke7 40. b4 Rd6 41. a5 Kd7 42. Rd3 Kc6 43. Rxd6+ cxd6 44. a6 Kb6 45. b5
f5 46. Kd3 g5 47. Kd4 h5 48. h3 h4 49. gxh4 gxh4 50. Kd5 Kc7 51. a7 Kb7 52. b6
Ka8 53. Kc6 1-0

[Event "4eme open Provence A"]
[Site "Salon"]
[Date "2013.07.06"]
[Round "1"]
[White "Chabeaudy, Matthieu"]
[Black "Kolb, Sebastien"]
[Result "0-1"]
[WhiteElo "1716"]
[BlackElo "2049"]
[PlyCount "68"]

1. d4 Nf6 2. c4 g6 3. Nc3 Bg7 4. Nf3 O-O 5. Bf4 d6 6. e3 Nbd7 7. Qc2 c5 8. d5
Qa5 9. Nd2 a6 10. h3 b5 11. Rb1 b4 12. Nb3 Qd8 13. Nd1 a5 14. Qd3 Nb6 15. e4
Nxe4 16. g4 Nf6 17. Ne3 Nfd7 18. Bg2 Ne5 19. Bxe5 Bxe5 20. Be4 Na4 21. Qc2 Nxb2
22. Rxb2 Bxb2 23. Qxb2 a4 24. Nd2 Qa5 25. h4 a3 26. Qc2 b3 27. Qxb3 Bd7 28. Qb1
Rfb8 29. Qa1 Rb2 30. Nef1 Bxg4 31. f3 f5 32. fxg4 fxe4 33. Ke2 Qc3 34. Kd1
Rxd2+ 0-1

[Event "4eme open Provence A"]
[Site "Salon"]
[Date "2013.07.06"]
[Round "1"]
[White "Dudognon, Thibault"]
[Black "Feraud, Guillaume"]
[Result "1-0"]
[WhiteElo "1984"]
[BlackElo "1706"]
[PlyCount "71"]

1. e4 e5 2. Nf3 Nc6 3. Bb5 a6 4. Ba4 Nf6 5. O-O Be7 6. Re1 b5 7. Bb3 d6 8. c3
O-O 9. h3 Na5 10. Bc2 c5 11. d4 Qc7 12. Nbd2 cxd4 13. cxd4 Bb7 14. d5 Rac8 15.
Bd3 Nd7 16. Nf1 f5 17. Ng3 fxe4 18. Bxe4 h6 19. Nh5 Nf6 20. Nxf6+ Rxf6 21. b3
Rcf8 22. Be3 Bc8 23. Rc1 Qb8 24. Qc2 Bf5 25. Bxf5 Rxf5 26. Qc7 Qd8 27. Bd2 Qxc7
28. Rxc7 Bd8 29. Ra7 e4 30. Rxe4 Rxd5 31. Rxa6 Nb7 32. Rd4 Rxd4 33. Nxd4 Nc5
34. Ra8 Ne4 35. Be3 Nc3 36. Ne6 1-0

[Event "4eme open Provence A"]
[Site "Salon"]
[Date "2013.07.06"]
[Round "1"]
[White "Kavciyan, Yega"]
[Black "Busson, Benoist"]
[Result "1-0"]
[WhiteElo "1657"]
[BlackElo "1972"]
[PlyCount "39"]

1. e4 e5 2. Nf3 Nc6 3. d4 exd4 4. Nxd4 Nf6 5. Nxc6 bxc6 6. e5 Nd5 7. c4 Nb6 8.
Bd3 Bb4+ 9. Nd2 Qh4 10. O-O a5 11. Nf3 Qh5 12. Qc2 Ba6 13. a3 Bc5 14. Re1 h6
15. e6 d6 16. exf7+ Kxf7 17. Bg6+ Qxg6 18. Re7+ Kxe7 19. Qxg6 Rae8 20. b4 1-0

[Event "4eme open Provence A"]
[Site "Salon"]
[Date "2013.07.06"]
[Round "1"]
[White "Poletti, Fausto"]
[Black "Eisenberg, Philippe"]
[Result "0-1"]
[WhiteElo "1920"]
[BlackElo "1610"]
[PlyCount "84"]

1. c4 e6 2. g3 d5 3. Bg2 c6 4. Nf3 Bd6 5. cxd5 exd5 6. d4 Bg4 7. Nc3 Nf6 8. O-O
Nbd7 9. Qc2 Qe7 10. Re1 Ne4 11. Nxe4 dxe4 12. Ng5 f5 13. Bd2 Nb6 14. Qb3 Nd5
15. Nh3 Bxh3 16. Bxh3 O-O 17. Bg2 Kh8 18. f4 Rae8 19. e3 Rf7 20. Bf1 g5 21. Bc4
gxf4 22. Bxd5 cxd5 23. exf4 Rd8 24. Be3 Rg7 25. Kf2 Qf7 26. Qd1 Rg4 27. Rh1
Rdg8 28. Rc1 Qg7 29. Ke2 Qd7 30. Kd2 Qb5 31. Kc2 Rc8+ 32. Kb1 Rxc1+ 33. Qxc1
Qd3+ 34. Ka1 Rg7 35. Rd1 Qe2 36. Qd2 Qxd2 37. Rxd2 Rc7 38. Kb1 Kg7 39. Rc2 Kg6
40. Rxc7 Bxc7 41. Kc2 h5 42. Bg1 h4 0-1

[Event "4eme open Provence A"]
[Site "Salon"]
[Date "2013.07.06"]
[Round "1"]
[White "Catot, Olivier"]
[Black "Merenciano, Alexandre"]
[Result "0-1"]
[WhiteElo "1559"]
[BlackElo "1877"]
[PlyCount "72"]

1. d4 Nf6 2. Nf3 g6 3. Bf4 Bg7 4. e3 d6 5. Be2 Nbd7 6. Nbd2 O-O 7. O-O Re8 8.
c3 c6 9. Re1 e5 10. dxe5 dxe5 11. Bg5 Qc7 12. e4 Nc5 13. Qc2 Ne6 14. Bh4 Nh5
15. Bc4 h6 16. Nf1 b5 17. Be2 Nhf4 18. Rad1 Nxe2+ 19. Rxe2 Nf4 20. Red2 Bg4 21.
Ne3 Qc8 22. Rd8 Qe6 23. R1d6 Qxa2 24. Rxa8 Rxa8 25. Nxg4 c5 26. Qd2 Ne6 27. Bf6
g5 28. Bxg7 Kxg7 29. Nfxe5 Qb1+ 30. Qd1 Qxb2 31. Rxe6 Rd8 32. Rg6+ fxg6 33. Qe1
Qxc3 34. Nf3 Qxe1+ 35. Nxe1 b4 36. Ne3 b3 0-1

[Event "4eme open Provence A"]
[Site "Salon"]
[Date "2013.07.06"]
[Round "1"]
[White "Charvein, Gabriel"]
[Black "Porte, Jacques"]
[Result "1-0"]
[WhiteElo "1870"]
[BlackElo "1535"]
[PlyCount "53"]

1. d4 Nf6 2. Bg5 e6 3. Nd2 d5 4. e4 Be7 5. e5 Ng8 6. Be3 Bg5 7. Bxg5 Qxg5 8.
Ngf3 Qd8 9. Bd3 Nc6 10. c3 Nge7 11. O-O Nf5 12. Qe2 O-O 13. Rae1 Re8 14. Bb1
Nfe7 15. Qd3 Ng6 16. h4 f5 17. exf6 Qxf6 18. h5 Nf8 19. Ne5 Ne7 20. f4 Nf5 21.
g4 Nd6 22. g5 Qf5 23. Qf3 Ne4 24. Nxe4 Nd7 25. Nf6+ Qxf6 26. gxf6 Nxf6 27. f5
1-0

[Event "4eme open Provence A"]
[Site "Salon"]
[Date "2013.07.06"]
[Round "1"]
[White "Amoros, Jean"]
[Black "Benavides, Jeremy"]
[Result "0-1"]
[WhiteElo "1460"]
[BlackElo "1788"]
[PlyCount "86"]

1. e4 c5 2. Nf3 d6 3. d4 cxd4 4. Nxd4 Nf6 5. Nc3 a6 6. Bc4 e6 7. O-O Nxe4 8.
Nxe4 d5 9. Bxd5 Qxd5 10. Nc3 Qd8 11. Nf3 Qxd1 12. Rxd1 Be7 13. Bf4 O-O 14. Bd6
Bxd6 15. Rxd6 Nc6 16. Rad1 e5 17. Nd5 Bg4 18. h3 Bxf3 19. gxf3 h6 20. c3 Kh7
21. Ne3 Rad8 22. Rd7 b5 23. Ng4 Rxd7 24. Rxd7 f6 25. Kf1 Kg6 26. Rd6 Rc8 27.
Ne3 b4 28. Nd5 bxc3 29. bxc3 Kf7 30. Ke2 Ne7 31. Rd7 Ke6 32. Nxe7 Kxd7 33. Nxc8
Kxc8 34. Kd3 Kd7 35. Kc4 Kc6 36. a4 a5 37. Kd3 Kd5 38. c4+ Kc5 39. Kc3 g5 40.
Kd3 f5 41. Kc3 h5 42. Kd3 h4 43. Kc3 g4 0-1

[Event "4eme open Provence A"]
[Site "Salon"]
[Date "2013.07.07"]
[Round "2"]
[White "Merenciano, Alexandre"]
[Black "Saez, Frederic"]
[Result "1/2-1/2"]
[WhiteElo "1877"]
[BlackElo "2290"]
[PlyCount "157"]

1. e4 d6 2. d4 Nf6 3. Bd3 e5 4. Nf3 Nbd7 5. dxe5 dxe5 6. O-O c6 7. Qe2 Qc7 8.
Bg5 Be7 9. Nbd2 Nf8 10. Nc4 Ng6 11. Nh4 Bg4 12. f3 Be6 13. Nf5 O-O 14. Nxe7+
Qxe7 15. Qf2 Bxc4 16. Bxc4 Nf4 17. Rfd1 b5 18. Bf1 {(=)} Rad8 19. c3 h6 20.
Bxf4 exf4 21. Rd2 Rxd2 22. Qxd2 Qc5+ 23. Kh1 Nh5 24. Qd4 Qxd4 25. cxd4 Rd8 26.
Rd1 a6 27. Kg1 Nf6 28. a4 Kf8 29. axb5 axb5 30. Rc1 Rxd4 31. Rxc6 Rb4 32. Rb6
Rxb2 33. Rxb5 Rxb5 34. Bxb5 Ke7 35. g3 Nh5 36. Kf2 g5 37. g4 Ng7 38. Bc4 f6 39.
Ke2 Kd6 40. Bf7 Ke7 41. Bc4 Ne8 42. Kd3 Kd6 43. Kd4 Nc7 44. h3 Na8 45. Ba6 Nb6
46. Bb5 Nc8 47. Ba4 Ne7 48. Be8 Ke6 49. Bb5 Ng6 50. Be2 Kd6 51. Bd1 Ne5 52. Be2
Nc6+ 53. Kc4 Ke5 54. Bd1 Nd8 55. Ba4 Ne6 56. Bd1 Ng7 57. Ba4 h5 58. Bb5 hxg4
59. hxg4 Ne6 60. Ba4 Nf8 61. Be8 Ne6 62. Ba4 Nd4 63. Bd1 Nc6 64. Kc5 Na5 65.
Kb5 Nb7 66. Kc4 Nd6+ 67. Kd3 Nb5 68. Ba4 Nd4 69. Bd1 Nb5 70. Kc4 Nd6+ 71. Kd3
Nf7 72. Bb3 Nh8 73. Bd1 Ng6 74. Ba4 Nh4 75. Bd1 Ng2 76. Ba4 Ne3 77. Bb3 Ng2 78.
Ba4 Nh4 79. Bd1 1/2-1/2

[Event "4eme open Provence A"]
[Site "Salon"]
[Date "2013.07.07"]
[Round "2"]
[White "Petrossian, Armen"]
[Black "Dudognon, Thibault"]
[Result "1-0"]
[WhiteElo "2409"]
[BlackElo "1984"]
[PlyCount "117"]

1. e4 c6 2. d4 d5 3. Nc3 dxe4 4. Nxe4 Bf5 5. Ng3 Bg6 6. Nf3 Nd7 7. Bd3 e6 8.
O-O Ngf6 9. Re1 Be7 10. b3 O-O 11. Bb2 Rc8 12. c4 Qa5 13. a3 Bxd3 14. Qxd3 b5
15. Nf5 Bd8 16. Nd6 Rb8 17. Ne5 bxc4 18. Ndxc4 Qd5 19. b4 Bc7 20. Qc2 Qb5 21.
Re3 Bxe5 22. dxe5 Nd5 23. Rh3 g6 24. Qe4 Rfd8 25. Nd6 Qa6 26. Nxf7 Rf8 27. Ng5
Rf4 28. Qd3 Qxd3 29. Rxd3 Nf8 30. g3 Rg4 31. Bc1 Rc4 {(=)} 32. Be3 h6 33. Nf3
Nxe3 34. Rxe3 Rd8 35. Ra2 g5 36. Rd2 Rd5 37. h3 Nd7 38. Rdd3 Nb6 39. Rc3 Rd1+
40. Kg2 Rc1 41. Rxc1 Rxc1 42. Nd4 Nc4 43. Re2 Nxa3 44. Nxe6 Rc2 45. Re1 Rc4 46.
f4 Kf7 47. f5 Nc2 48. Re2 Nxb4 49. Nd8+ Ke8 50. Nb7 Rc2 51. Rxc2 Nxc2 52. Kf3
Nd4+ 53. Ke4 Ne2 54. g4 Nf4 55. h4 Nh3 56. hxg5 hxg5 57. f6 Kf7 58. Kf5 Nf4 59.
e6+ 1-0

[Event "4eme open Provence A"]
[Site "Salon"]
[Date "2013.07.07"]
[Round "2"]
[White "Chauvet, Vincent"]
[Black "Charvein, Gabriel"]
[Result "1-0"]
[WhiteElo "2134"]
[BlackElo "1870"]
[PlyCount "87"]

1. d4 Nf6 2. c4 g6 3. Nc3 Bg7 4. e4 O-O 5. Nge2 d6 6. Ng3 Na6 7. Be2 Bd7 8. O-O
c5 9. d5 Nc7 10. a4 b6 11. Bf4 Nfe8 12. Qd2 a6 13. Bh6 Rb8 14. Bxg7 Kxg7 15. b3
b5 16. axb5 axb5 17. Nd1 Nf6 18. f4 bxc4 19. bxc4 Rb3 20. e5 Ng4 21. e6 fxe6
22. Bxg4 exd5 23. Bxd7 Qxd7 24. cxd5 Qb5 25. Nc3 Qb4 26. Nge2 Rf5 27. Ra4 Qb7
28. g4 Rb2 29. Qe3 Nxd5 30. Nxd5 Rxd5 31. Re4 Kf8 32. f5 gxf5 33. gxf5 Rdd2 34.
f6 e5 35. Qh6+ Kf7 36. Qxh7+ Ke6 37. Nf4+ Kxf6 38. Nd5+ Ke6 39. Nf4+ Kf6 40.
Nd3+ Ke6 41. Qg6+ Kd5 42. Nxb2 Qxb2 43. Rh4 Qc3 44. Qe4+ 1-0

[Event "4eme open Provence A"]
[Site "Salon"]
[Date "2013.07.07"]
[Round "2"]
[White "Kolb, Sebastien"]
[Black "Kavciyan, Yega"]
[Result "1-0"]
[WhiteElo "2049"]
[BlackElo "1657"]
[PlyCount "115"]

1. e4 c5 2. Nf3 Nc6 3. d4 cxd4 4. Nxd4 Nf6 5. Nc3 e5 6. Ndb5 d6 7. Bg5 a6 8.
Na3 b5 9. Nd5 Be7 10. Bxf6 Bxf6 11. c3 Bg5 12. Nc2 O-O 13. a4 bxa4 14. Rxa4 a5
15. Bc4 Kh8 16. Nce3 Rb8 17. b3 g6 18. h4 Bxh4 19. g3 Bg5 20. f4 exf4 21. gxf4
Bh4+ 22. Kd2 f5 23. Ra2 fxe4 24. Kc1 Bg3 25. Rg2 Bxf4 26. Nxf4 Rxf4 27. Rxg6
Rf3 28. Rg8+ Qxg8 29. Bxg8 Bh3 30. Qxd6 Rxg8 31. Qxc6 Rc8 32. Qxe4 Rxc3+ 33.
Kd2 Rcxe3 34. Qd4+ Kg8 35. Rg1+ Kf7 36. Qg7+ Ke6 37. Qg8+ Ke5 {(=)} 38. Qb8+
Ke4 39. Qb7+ Kd4 40. Qb6+ Ke4 41. Qc6+ Kf4 42. Qc7+ Ke4 43. Qxh7+ Bf5 44. Qb7+
Ke5 45. Re1 Rxe1 46. Qxf3 Re4 47. Qc3+ Kf4 48. Qxa5 Re5 49. Qc7 Be4 50. b4 Kf5
51. Qf7+ Kg5 52. Kc3 Bf5 53. Qc7 Kf6 54. b5 Be6 55. b6 Bd5 56. Kd4 Rf5 57. Qd6+
Be6 58. b7 1-0

[Event "4eme open Provence A"]
[Site "Salon"]
[Date "2013.07.07"]
[Round "2"]
[White "Porte, Jacques"]
[Black "Massardo, Quentin"]
[Result "1/2-1/2"]
[WhiteElo "1535"]
[BlackElo "1759"]
[PlyCount "73"]

1. e4 Nf6 2. e5 Nd5 3. d4 d6 4. Nf3 dxe5 5. Nxe5 c6 6. c4 Nf6 7. Nc3 Bf5 8. Be2
Nbd7 9. Bf4 e6 10. a3 Nxe5 11. dxe5 Qc7 12. O-O Rd8 13. Qc1 Ng4 14. Bxg4 Bxg4
15. b4 Be7 16. Qe3 Bf5 17. Rfd1 O-O 18. Ne2 c5 19. h3 cxb4 20. Nd4 Qxc4 21.
Rac1 Qa6 22. axb4 Bxb4 23. Bg5 Rd5 24. Nxf5 Rxd1+ 25. Rxd1 exf5 26. Qd4 Qa5 27.
Qd7 Qxe5 28. Qxb7 Bc5 29. Kf1 Re8 30. Qb5 a6 31. Qd3 Qh2 32. Be3 Bxe3 33. fxe3
f4 34. Qd7 Rf8 35. Qd6 g5 36. Qf6 fxe3 37. Qxg5+ 1/2-1/2

[Event "4eme open Provence A"]
[Site "Salon"]
[Date "2013.07.07"]
[Round "2"]
[White "Eisenberg, Philippe"]
[Black "Faure, Alexandre"]
[Result "0-1"]
[WhiteElo "1610"]
[BlackElo "1872"]
[PlyCount "44"]

1. d4 Nf6 2. c4 g6 3. Nc3 d5 4. e3 Bg7 5. Nf3 O-O 6. cxd5 Nxd5 7. Qb3 c6 8.
Nxd5 Qxd5 9. Bc4 Qh5 10. Bd2 Nd7 11. h3 Nb6 12. Bd3 Rd8 13. Bb4 Nd5 14. Ba3 Rb8
15. Bc4 Be6 16. e4 b5 17. Bxd5 cxd5 18. e5 b4 19. Bxb4 a5 20. Qe3 Rxb4 21. Qd2
Rdb8 22. O-O Bh6 0-1

[Event "4eme open Provence A"]
[Site "Salon"]
[Date "2013.07.07"]
[Round "2"]
[White "Busson, Benoist"]
[Black "Chabeaudy, Matthieu"]
[Result "0-1"]
[WhiteElo "1972"]
[BlackElo "1716"]
[PlyCount "106"]

1. e4 d6 2. d4 Nf6 3. Nc3 g6 4. Bg5 Bg7 5. e5 Nfd7 6. f4 O-O 7. Nf3 c6 8. exd6
f6 9. Bc4+ Kh8 10. Bh4 exd6 11. O-O Nb6 12. Bd3 Bg4 13. h3 Be6 14. Nd2 Nd5 15.
Nxd5 Bxd5 16. Bc4 Qb6 17. c3 Bxc4 18. Nxc4 Qc7 19. f5 d5 20. Ne3 g5 21. Bf2 Nd7
22. Qf3 Rae8 23. Bg3 Qb6 24. Rf2 Re4 25. Re2 Rfe8 26. Rae1 Qb5 27. Kf2 Nb6 28.
b3 Qd3 29. Ng4 Rxe2+ 30. Rxe2 Rxe2+ 31. Qxe2 Qxf5+ 32. Kg1 Qd7 33. Qf3 f5 34.
Ne5 Qe6 35. Qh5 h6 36. Nf3 Kg8 37. Be5 Bxe5 38. Nxe5 Kg7 39. Qf3 Nc8 40. Kf2
Nd6 41. Qe3 Nf7 42. Nxf7 Kxf7 43. g4 Qe4 44. Qxe4 fxe4 45. a4 Kg6 46. b4 h5 47.
a5 hxg4 48. hxg4 Kf6 49. Ke3 Ke6 50. Kd2 Kd7 51. Ke3 Kc7 52. Kd2 b6 53. axb6+
Kxb6 0-1

[Event "4eme open Provence A"]
[Site "Salon"]
[Date "2013.07.07"]
[Round "2"]
[White "Benavides, Jeremy"]
[Black "Brongers, Henk"]
[Result "0-1"]
[WhiteElo "1788"]
[BlackElo "2082"]
[PlyCount "86"]

1. e4 Nf6 2. e5 Nd5 3. c4 Nb6 4. d4 d6 5. f4 dxe5 6. fxe5 Nc6 7. Be3 Bf5 8. Nf3
e6 9. Be2 Bg4 10. O-O Be7 11. Nc3 Qd7 12. h3 Bh5 13. g4 Bg6 14. d5 Nb4 15. Rc1
h5 16. Bxb6 axb6 17. dxe6 Qxe6 18. Nd5 Bc5+ 19. Kg2 O-O-O 20. Qa4 hxg4 21. Ng5
gxh3+ 22. Kh1 Qxe5 23. Nxb4 Qxe2 24. Qa8+ Kd7 25. Qxb7 Qg2+ 26. Qxg2 hxg2+ 27.
Kxg2 Bxb4 28. Nxf7 Bxf7 29. Rxf7+ Kc6 30. a3 Rd2+ 31. Kf3 Rhh2 32. axb4 Rdf2+
33. Kg3 Rxf7 34. Kxh2 Rf2+ 35. Kg3 Rxb2 36. b5+ Kc5 37. Rd1 Kxc4 38. Rd7 Rxb5
39. Rxc7+ Rc5 40. Rxg7 b5 41. Kf4 b4 42. Ke4 b3 43. Rg2 Rb5 0-1

[Event "4eme open Provence A"]
[Site "Salon"]
[Date "2013.07.07"]
[Round "2"]
[White "Colandrea, Sauveur"]
[Black "Catot, Olivier"]
[Result "1-0"]
[WhiteElo "1762"]
[BlackElo "1559"]
[PlyCount "53"]

1. e4 e6 2. d4 d5 3. Nc3 Nf6 4. e5 Nfd7 5. f4 c5 6. Nf3 a6 7. Ne2 b5 8. c3 Nc6
9. Be3 Qb6 10. g3 cxd4 11. Nexd4 Bc5 12. Qd2 O-O 13. Bd3 Bb7 14. b4 Nxd4 15.
Bxd4 Bxd4 16. cxd4 Rac8 17. Ke2 Qa7 18. f5 Nb6 19. f6 h6 20. fxg7 Kxg7 21. Qf4
f5 22. exf6+ Rxf6 23. Qg4+ Kh8 24. Ne5 Re8 25. Rhf1 Rxf1 26. Rxf1 Bc8 27. Nf7+
1-0

[Event "4eme open Provence A"]
[Site "Salon"]
[Date "2013.07.07"]
[Round "2"]
[White "Le Floch, Xavier"]
[Black "Poletti, Fausto"]
[Result "1-0"]
[WhiteElo "1738"]
[BlackElo "1920"]
[PlyCount "39"]

1. e4 e6 2. Nf3 c5 3. d4 cxd4 4. c3 dxc3 5. Nxc3 Nc6 6. Bc4 d6 7. O-O Nf6 8.
Qe2 Bd7 9. Rd1 Be7 10. Bg5 a6 11. e5 dxe5 12. Nxe5 Nxe5 13. Qxe5 Qc8 14. Bb3
O-O 15. Rac1 Qe8 16. Bc2 Bc6 17. Qg3 Kh8 18. Rd4 g6 19. Qe5 Kg7 20. Rf4 1-0

[Event "4eme open Provence A"]
[Site "Salon"]
[Date "2013.07.07"]
[Round "3"]
[White "Brongers, Henk"]
[Black "Petrossian, Armen"]
[Result "0-1"]
[WhiteElo "2082"]
[BlackElo "2409"]
[PlyCount "70"]

1. e4 e5 2. Nf3 Nc6 3. Bc4 Nf6 4. d3 Bc5 5. c3 a6 6. O-O d6 7. Bb3 h6 8. Nbd2
O-O 9. Nc4 Ba7 10. Ne3 Be6 11. Bxe6 fxe6 12. Qb3 Qd7 13. h3 b5 14. a4 Rab8 15.
axb5 axb5 16. Bd2 Nh5 17. Nc2 Nf4 18. Bxf4 Rxf4 19. d4 Bb6 20. Qxb5 Bxd4 21.
Qd3 Bb6 22. b4 Qf7 23. Rfe1 Rf8 24. Re2 Ne7 25. Nce1 Ng6 26. Ra6 Rf6 27. Rea2
Nf4 28. Qd1 Qg6 29. Rxb6 cxb6 30. Qxd6 Nxg2 31. Nxe5 Qxe4 32. N1d3 Nf4 33. Nxf4
Qb1+ 34. Kg2 Qxa2 35. Neg6 Rxg6+ 0-1

[Event "4eme open Provence A"]
[Site "Salon"]
[Date "2013.07.07"]
[Round "3"]
[White "Kolb, Sebastien"]
[Black "Chauvet, Vincent"]
[Result "0-1"]
[WhiteElo "2049"]
[BlackElo "2134"]
[PlyCount "92"]

1. e4 e5 2. Nf3 Nc6 3. d4 exd4 4. Nxd4 Bb4+ 5. c3 Bc5 6. Be3 Bb6 7. Na3 Nf6 8.
f3 O-O 9. Nc4 d5 10. Nxb6 axb6 11. Nxc6 bxc6 12. e5 Qe7 13. f4 Ng4 14. Bg1 f6
15. Be2 fxe5 16. Bxg4 Bxg4 17. Qxg4 Rxf4 18. Qg3 Re4+ 19. Kd2 h5 20. h3 h4 21.
Qg6 Rf8 22. Be3 Rf6 23. Bg5 Rf2+ 24. Kd1 Qf8 25. Qxc6 Qf7 26. Bd2 Ree2 27. Be1
Rxg2 28. Qa8+ Kh7 29. Qa4 Qh5 30. Qg4 Rxg4 31. hxg4 Rxe1+ 32. Kxe1 Qxg4 33. Kd2
Qg2+ 34. Kd3 g5 35. Rag1 Qf3+ 36. Kc2 Kg6 37. Kb3 Qe4 38. Re1 Qc4+ 39. Kc2 e4
40. Rhf1 Qxa2 41. Rf8 Qa4+ 42. Kb1 Qc6 43. Ref1 Qe6 44. Rh8 e3 45. Kc2 Qe4+ 46.
Kb3 Qc4+ 0-1

[Event "4eme open Provence A"]
[Site "Salon"]
[Date "2013.07.07"]
[Round "3"]
[White "Saez, Frederic"]
[Black "Benavides, Jeremy"]
[Result "1-0"]
[WhiteElo "2290"]
[BlackElo "1788"]
[PlyCount "89"]

1. e4 c5 2. Nf3 d6 3. Bb5+ Bd7 4. Bxd7+ Qxd7 5. c4 Nc6 6. O-O g6 7. d4 cxd4 8.
Nxd4 Bg7 9. Ne2 Nf6 10. Nbc3 Rc8 11. f3 O-O 12. b3 Ne8 13. Bb2 Nc7 14. Qd2 f5
15. exf5 Qxf5 16. Ng3 Qf4 17. Qxf4 Rxf4 18. Rad1 Nd4 19. Rfe1 Rf7 20. Rd2 b5
21. Nce4 Nce6 22. cxb5 d5 23. Ng5 Nxg5 24. Bxd4 Bxd4+ 25. Rxd4 Rc5 26. h4 Rxf3
27. Nh1 e5 28. hxg5 Rf5 29. Rd2 Rxg5 30. Nf2 e4 31. Nd1 Kf7 32. Ne3 Ke6 33. Nc2
Ke5 34. Nd4 Rg4 {(=)} 35. Nc6+ Kd6 36. Nxa7 Kc7 37. b4 Rc3 38. Nc6 e3 39. Rd4
Rg5 40. Ne7 Kd6 41. b6 Rc2 42. Rxd5+ Rxd5 43. Nxd5 Kc6 44. Rxe3 Rxa2 45. Rc3+
1-0

[Event "4eme open Provence A"]
[Site "Salon"]
[Date "2013.07.07"]
[Round "3"]
[White "Dudognon, Thibault"]
[Black "Merenciano, Alexandre"]
[Result "1/2-1/2"]
[WhiteElo "1984"]
[BlackElo "1877"]
[PlyCount "51"]

1. e4 c6 2. d4 d5 3. Nc3 dxe4 4. Nxe4 Nf6 5. Nxf6+ gxf6 6. Be3 Bf5 7. Ne2 Nd7
8. Ng3 Bg6 9. h4 h5 10. Bd3 Qa5+ 11. Qd2 Qxd2+ 12. Kxd2 O-O-O 13. c3 e5 14.
Bxg6 fxg6 15. Kc2 Bh6 16. Ne4 Bxe3 17. fxe3 Rhf8 18. Raf1 f5 19. Ng5 Rde8 20.
Rd1 Nf6 21. Rhe1 Ng4 22. d5 cxd5 23. Rxd5 f4 24. exf4 exf4 25. Rxe8+ Rxe8 26.
Rd2 1/2-1/2

[Event "4eme open Provence A"]
[Site "Salon"]
[Date "2013.07.07"]
[Round "3"]
[White "Faure, Alexandre"]
[Black "Amoros, Jean"]
[Result "1/2-1/2"]
[WhiteElo "1872"]
[BlackElo "1460"]
[PlyCount "62"]

1. e4 b6 2. d4 Bb7 3. Bd3 e6 4. Bf4 d5 5. e5 c5 6. c3 cxd4 7. cxd4 Nc6 8. Nf3
Nge7 9. Nc3 a6 10. Rc1 h6 11. Qb3 Nf5 12. Bxf5 exf5 13. Qxd5 Qe7 14. Qb3 Nb4
15. Qd1 g5 16. Be3 g4 17. Nd2 Bxg2 18. Rg1 Nd3+ 19. Ke2 Nxc1+ 20. Qxc1 Bb7 21.
Qc2 Qe6 22. Nf1 Rc8 23. Ng3 b5 24. Qxf5 Qc4+ 25. Qd3 Bf3+ 26. Kd2 Qe6 27. Qf5
Qc4 28. Nh5 Bb4 29. Nf6+ Ke7 30. Qd3 Qxa2 31. Qc2 Qc4 1/2-1/2

[Event "4eme open Provence A"]
[Site "Salon"]
[Date "2013.07.07"]
[Round "3"]
[White "Charvein, Gabriel"]
[Black "Eisenberg, Philippe"]
[Result "1-0"]
[WhiteElo "1870"]
[BlackElo "1610"]
[PlyCount "93"]

1. e4 e5 2. Nf3 Nc6 3. Bb5 a6 4. Ba4 Nf6 5. O-O b5 6. Bb3 Be7 7. Re1 O-O 8. c3
d6 9. d4 Bg4 10. d5 Na5 11. Bc2 Re8 12. Nbd2 Bf8 13. h3 Bh5 14. Nf1 c6 15. dxc6
Nxc6 16. Ne3 Ne7 17. g4 Bg6 18. Nf5 Bxf5 19. exf5 g6 20. g5 Nh5 21. f6 Nc6 22.
Qd5 Rc8 23. Bb3 Rc7 24. Be3 Qc8 25. Kh2 Nd8 26. Nh4 Ne6 27. Ng2 Nc5 28. Bd1 Qf5
29. Bg4 Qd3 30. Rad1 Qxd5 31. Rxd5 Na4 32. Re2 Rb8 33. Bxh5 gxh5 34. f4 b4 35.
cxb4 Rxb4 36. fxe5 dxe5 37. Rd8 Rxb2 38. Rxb2 Nxb2 39. Nh4 Rc2+ 40. Kg1 Re2 41.
Nf5 h6 42. gxh6 Nc4 43. Bc5 Re1+ 44. Kg2 Re2+ 45. Kf1 Rxa2 46. Bxf8 Kh7 47. Nh4
1-0

[Event "4eme open Provence A"]
[Site "Salon"]
[Date "2013.07.07"]
[Round "3"]
[White "Kavciyan, Yega"]
[Black "Colandrea, Sauveur"]
[Result "1/2-1/2"]
[WhiteElo "1657"]
[BlackElo "1762"]
[PlyCount "63"]

1. e4 e5 2. Nf3 Nc6 3. d4 exd4 4. Nxd4 Nf6 5. Nxc6 bxc6 6. e5 Qe7 7. Qe2 Nd5 8.
c4 Ba6 9. b3 g6 10. Bb2 Bg7 11. g3 O-O 12. Bg2 Rad8 13. O-O f6 14. Qd2 Nb6 15.
Qa5 Bxc4 16. Ba3 d6 17. exd6 cxd6 18. bxc4 Nxc4 19. Qb4 Nxa3 20. Nxa3 Rb8 21.
Qc4+ d5 22. Qxc6 Qxa3 23. Bxd5+ Kh8 24. Rab1 Rb2 25. Rfe1 f5 {(=)} 26. Rxb2
Qxb2 27. Kf1 Bd4 28. Re2 Qc3 29. Qd7 Qc1+ 30. Kg2 Qc8 31. Qe7 Qd8 32. Bb3
1/2-1/2

[Event "4eme open Provence A"]
[Site "Salon"]
[Date "2013.07.07"]
[Round "3"]
[White "Massardo, Quentin"]
[Black "Le Floch, Xavier"]
[Result "1-0"]
[WhiteElo "1759"]
[BlackElo "1738"]
[PlyCount "103"]

1. d4 Nf6 2. c4 c5 3. Nf3 cxd4 4. Nxd4 Nc6 5. g3 e6 6. Bg2 Bc5 7. Nb3 Be7 8.
O-O O-O 9. Nc3 Rb8 10. a3 a6 11. Nd4 Qb6 12. Nxc6 bxc6 13. Na4 Qb3 14. Bf4 Qxd1
15. Rfxd1 Rb3 16. Bd6 Bxd6 17. Rxd6 Ne8 18. Rd2 d5 19. Rc1 Nf6 20. cxd5 cxd5
21. Rdc2 Rb8 22. b4 Bd7 23. Nc5 Bb5 24. e4 Rfd8 25. e5 Nd7 26. Nxd7 Bxd7 27.
Bf1 Bb5 28. Rc7 d4 29. Bxb5 axb5 30. Rd1 Rd5 31. f4 Kf8 32. Kf2 Ra8 33. Rd3 Ke8
34. Kf3 Rad8 35. g4 R8d7 36. Rxd7 Kxd7 37. Ke4 Kc6 38. Rxd4 Rxd4+ 39. Kxd4 Kb6
40. Kc3 f6 41. Kd4 Kc6 42. h4 h6 43. exf6 gxf6 44. g5 hxg5 45. fxg5 fxg5 46.
hxg5 Kd6 47. g6 Ke7 48. Ke5 Kf8 49. Kxe6 Kg7 50. Kd5 Kxg6 51. Kc5 Kf6 52. Kxb5
1-0